Birds of Prey Members Quiz Stats

 Plays Quiz not verified by Sporcle

Challenge
Share
Tweet
Embed
Score 0/23 Timer 08:00
0 Plays Today
Hint Member % Correct
Frisky feline foe of BatmanCatwoman
85.4%
Leadrer of The Birds of PreyOracle
82.6%
Possses sonic scream or canary cry powerBlack Canary
82.6%
Field Leader/Name shared with the daughter of Earth 2 Batman and CatwomanHuntress
79.9%
Cassandra Cain and Stephanie Brown are just two of the people to take this identityBatgirl
77.8%
Earth-22 version of SupergirlPower Girl
74.3%
Reincarnated thorughout each of her livesHawkgirl
69.4%
Member of Justice League Detroit who can steal the powers of any animalVixen
68.8%
Former Female Fury/Wife of Mr. MiracleBig Barda
68.8%
Japanese swordwoman member of the OutsidersKatana
68.1%
Japanese scentist with light based powersDr. Light
67.4%
Government Agent/Old Rival of Barbara GordonSpy Smasher
66.7%
Hint Member % Correct
Only Female Blackhawk memberLady Blackhawk
63.2%
Mother of Cassandra CainLady Shiva
57.6%
Agent of the Lords of ChaosHawk
55.6%
Member of Justice League Detroit who can turn invisibleGypsy
51.4%
Can steal the powers of any magic using characterBlack Alice
47.9%
Vigilante who posses an energy staff/Resides in GothamManhunter
45.8%
Orphan with metahuman bouncing(telepotation) powersMisfit
44.4%
Agent of the Lords of OrderDove
37.5%
Suffers from a split personality disorderRose
31.3%
Sonia SatoJudomaster
28.5%
Ghost like intangible member of the Birds of PreyInfinity
16%

You're not logged in!

Compare scores with friends on all Sporcle quizzes.
Join for Free
OR
Log In

You Might Also Like...

Show Comments

Extras

Created Feb 1, 2010ReportNominate
Tags:bird, prey

Top Quizzes Today


Score Distribution

Your Account Isn't Verified!

In order to create a playlist on Sporcle, you need to verify the email address you used during registration. Go to your Sporcle Settings to finish the process.

Report this User

Report this user for behavior that violates our Community Guidelines.

Details: